000 00688nab a2200193 4500
001 244442
003 OSt
005 20230623065055.0
007 tu
008 200917s2020|||||||
040 _aDE-2950
_cDE-2950
245 0 0 _aMusical begeistert Publikum.
_bPremiere. Das neueste Sommertheater-Stück der "Oderhähne" endet Samstagabend mit Standing Ovations. Nächtliches Chaos im Heimwerkermarkt und neue Darsteller bringen höchstes Zuschauerlob /
_cJörg Kotterba
264 _c2023
653 _aFrankfurt (Oder)
653 _aDie Oderhähne
653 _aPremiere
773 0 _g34. Jahrgang (2023) Nr. 135 vom 13.06.2023, S. 16: mit Foto
_tMärkische Oderzeitung
942 _2z
_cA
999 _c372560
_d372560